[Event "Asia zt 3.1 (Women)"]
[Site "Tehran"]
[Date "2017.07.04"]
[Round "6"]
[White "Saeidpour, Mona"]
[Black "Hamedi Nia, Vesal"]
[Result "0-1"]
[WhiteElo "1872"]
[BlackElo "1933"]
[PlyCount "74"]
[EventDate "2017.06.30"]
[EventType "swiss"]
[EventRounds "9"]
[EventCountry "IRI"]
[SourceTitle "CBM 179 Extra"]
[Source "ChessBase"]
[SourceDate "2017.08.23"]
[SourceVersion "1"]
[SourceVersionDate "2017.08.23"]
[SourceQuality "1"]

1. d4 d5 2. c4 c6 3. Nf3 Nf6 4. e3 a6 5. Nc3 Nbd7 6. Bd3 e6 7. 0-0 Be7 8. Qe2 dxc4 9. Bxc4 b5 10. Bd3 Bb7 11. Rd1 Qc7 12. b3 c5 13. Bd2 0-0 14. Rac1 Qb6 15. dxc5 Nxc5 16. e4 Nxd3 17. Qxd3 Rfd8 18. Qe2 Rac8 19. e5 Nd5 20. Nxd5 Bxd5 21. Be3 Qb7 22. Rxc8 Rxc8 23. Rc1 Rxc1+ 24. Bxc1 Qc7 25. Bb2 Qa5 26. Bd4 Qb4 27. Qb2 a5 28. Bc3 Qg4 29. Qe2 a4 30. bxa4 Qxa4 31. h3 b4 32. Be1 Bxa2 33. Nd2 Bd5 34. Nb1 Qa1 35. Qc2 Ba2 36. Qc8+ Bf8 37. Bxb4 Qxb1+ 0-1

[Event "Qazvin op (Women) 18th"]
[Site "Qazvin"]
[Date "2015.08.20"]
[Round "10"]
[White "Nadernia, Nikta"]
[Black "Saeidpour, Mona"]
[Result "0-1"]
[WhiteElo "1662"]
[BlackElo "1919"]
[PlyCount "120"]
[EventDate "2015.08.14"]
[EventType "swiss"]
[EventRounds "11"]
[EventCountry "IRI"]
[SourceTitle "EXT 2016"]
[Source "ChessBase"]
[SourceDate "2015.10.08"]
[SourceVersion "1"]
[SourceVersionDate "2015.10.08"]
[SourceQuality "1"]

1. e4 c6 2. d4 d5 3. Nc3 dxe4 4. Nxe4 Nf6 5. Nxf6+ exf6 6. Nf3 Bg4 7. Bd3 Bd6 8. 0-0 0-0 9. c4 Nd7 10. Be3 Re8 11. Rc1 Nf8 12. Be2 Qc7 13. h3 Bh5 14. d5 c5 15. Nd2 Bxe2 16. Qxe2 f5 17. f4 Re7 18. Qd3 Rae8 19. Rce1 Nd7 20. Nf3 f6 21. Kh1 g6 22. b3 Re4 23. Nd2 R4e7 24. Kg1 Qa5 25. a4 Nb8 26. Nb1 Bxf4 27. Bd2 Bxd2 28. Rxe7 Rxe7 29. Nxd2 Qd8 30. Qg3 Kf7 31. Re1 Rxe1+ 32. Qxe1 Qe7 33. Qxe7+ Kxe7 34. Kf2 Na6 35. Ke3 Nb4 36. Kf4 Nd3+ 37. Ke3 Ne1 38. Kf2 Nd3+ 39. Ke3 Ne5 40. Nf3 Kd6 41. Nxe5 fxe5 42. Kf3 b6 43. Ke3 a6 44. Kf3 b5 45. axb5 axb5 46. Ke3 h5 47. h4 b4 48. g3 Ke7 49. Kf3 Kf6 50. Ke3 g5 51. Kf3 g4+ 52. Ke3 Ke7 53. Kf2 f4 54. gxf4 exf4 55. Kg2 Kd6 56. Kf2 Ke5 57. Kg2 f3+ 58. Kf2 Kf4 59. d6 g3+ 60. Kf1 Ke3 0-1

[Event "Qazvin op (Women) 18th"]
[Site "Qazvin"]
[Date "2015.08.18"]
[Round "8"]
[White "Khachatourians, Teni"]
[Black "Saeidpour, Mona"]
[Result "1-0"]
[WhiteElo "1753"]
[BlackElo "1919"]
[PlyCount "105"]
[EventDate "2015.08.14"]
[EventType "swiss"]
[EventRounds "11"]
[EventCountry "IRI"]
[SourceTitle "EXT 2016"]
[Source "ChessBase"]
[SourceDate "2015.10.08"]
[SourceVersion "1"]
[SourceVersionDate "2015.10.08"]
[SourceQuality "1"]

1. e4 c6 2. Nc3 d5 3. Nf3 dxe4 4. Nxe4 Nf6 5. Ng3 h5 6. h3 e6 7. d4 Bd6 8. Ne2 Qc7 9. Nc3 Nbd7 10. Bd3 b6 11. Qe2 Bb7 12. Ng5 Nf8 13. Nce4 Nxe4 14. Bxe4 0-0-0 15. Be3 f6 16. Nf3 f5 17. Bd3 Ng6 18. 0-0-0 Nf4 19. Qf1 Nxd3+ 20. Qxd3 c5 21. Qc3 Bxf3 22. gxf3 cxd4 23. Bxd4 Qxc3 24. Bxc3 Bf4+ 25. Kb1 e5 26. Rde1 Bd2 27. Rxe5 Bxc3 28. bxc3 Rd2 29. Rg1 Rxf2 30. Rxf5 Rh7 31. Rf7 Kb8 32. Re1 Rh8 33. Ree7 Rh2 34. Rb7+ Ka8 35. Rxa7+ Kb8 36. Rab7+ Ka8 37. Rxb6 Rb8 38. Rxb8+ Kxb8 39. Rxg7 Rxh3 40. Rf7 h4 41. Kb2 Rh1 42. Rh7 h3 43. f4 h2 44. f5 Rf1 45. Rxh2 Rxf5 46. Kb3 Kb7 47. Rh6 Ka7 48. c4 Rf3+ 49. c3 Rf1 50. c5 Rb1+ 51. Kc4 Ra1 52. Kb5 Rb1+ 53. Kc6 1-0

[Event "Qazvin op (Women) 18th"]
[Site "Qazvin"]
[Date "2015.08.17"]
[Round "6"]
[White "Akbari, Marjan"]
[Black "Saeidpour, Mona"]
[Result "1/2-1/2"]
[WhiteElo "1674"]
[BlackElo "1919"]
[PlyCount "86"]
[EventDate "2015.08.14"]
[EventType "swiss"]
[EventRounds "11"]
[EventCountry "IRI"]
[SourceTitle "EXT 2016"]
[Source "ChessBase"]
[SourceDate "2015.10.08"]
[SourceVersion "1"]
[SourceVersionDate "2015.10.08"]
[SourceQuality "1"]

1. e4 c6 2. d4 d5 3. Nc3 dxe4 4. Nxe4 Nd7 5. Nf3 Ngf6 6. Nxf6+ Nxf6 7. c3 Bg4 8. Be2 e6 9. Bf4 Be7 10. 0-0 0-0 11. Re1 Nd5 12. Bg3 c5 13. Ne5 Bxe2 14. Rxe2 cxd4 15. Qxd4 Rc8 16. Rd1 Bc5 17. Qd3 f5 18. c4 f4 19. cxd5 fxg3 20. hxg3 Qxd5 21. Qxd5 exd5 22. Nd7 Rf7 23. Ne5 Rf5 24. g4 Rff8 25. Nd7 Rf4 26. Rc2 Rc4 27. Rxc4 dxc4 28. Nxc5 Rxc5 29. Rd8+ Kf7 30. Rd7+ Kg6 31. Rxb7 Ra5 32. a3 c3 33. bxc3 Rxa3 34. c4 Rc3 35. Rxa7 Rxc4 36. f3 Rc5 37. Kf2 h5 38. gxh5+ Rxh5 39. g4 Rb5 40. Kg3 Rb3 41. Ra6+ Kg5 42. Ra5+ Kg6 43. Ra6+ Kg5 1/2-1/2

[Event "Arak op (Women) 15th"]
[Site "Arak"]
[Date "2012.07.18"]
[Round "9"]
[White "Alavi Hour, Homa"]
[Black "Saeidpour, Mona"]
[Result "1-0"]
[WhiteElo "1995"]
[BlackElo "1872"]
[PlyCount "81"]
[EventDate "2012.07.13"]
[EventType "swiss"]
[EventRounds "11"]
[EventCountry "IRI"]
[SourceTitle "CBM 149 Extra"]
[Source "ChessBase"]
[SourceDate "2012.08.24"]
[SourceVersion "1"]
[SourceVersionDate "2012.08.24"]
[SourceQuality "1"]

1. d4 Nf6 2. c4 e6 3. Nf3 b6 4. a3 Bb7 5. Nc3 d5 6. cxd5 Nxd5 7. Qc2 Be7 8. e4 Nxc3 9. bxc3 c5 10. Bd3 0-0 11. e5 h6 12. h4 cxd4 13. Bh7+ Kh8 14. Ng5 d3 15. Bxd3 Qd5 16. Bf4 Bxg5 17. hxg5 Qxg2 18. Rh4 Qg1+ 19. Bf1 Bg2 20. Qe2 Qxf1+ 21. Qxf1 Bxf1 22. Kxf1 Nc6 23. gxh6 g6 24. h7 f6 25. Bh6 Rf7 26. exf6 Rxf6 27. Ke2 Rc8 28. Rah1 Rc7 29. Rc4 Rff7 30. Bf4 e5 31. Rxc6 exf4 32. Rxg6 Rxh7 33. Rhg1 Rh5 34. Kd3 Rh3+ 35. Kd4 Rd7+ 36. Kc4 Rc7+ 37. Kd4 Rd7+ 38. Ke5 Rxc3 39. Rg8+ Kh7 40. R8g4 Rdd3 41. Rh4# 1-0

[Event "IRI-ch (Women)"]
[Site "Tehran"]
[Date "2011.12.16"]
[Round "8"]
[White "Khademalsharieh, Sarasadat"]
[Black "Saeidpour, Mona"]
[Result "1-0"]
[WhiteElo "2215"]
[BlackElo "1910"]
[PlyCount "129"]
[EventDate "2011.11.12"]
[EventType "tourn"]
[EventRounds "12"]
[EventCountry "IRI"]
[SourceTitle "EXT 2024"]
[Source "ChessBase"]
[SourceDate "2023.10.10"]
[SourceVersion "1"]
[SourceVersionDate "2023.10.10"]
[SourceQuality "1"]

1. d4 d5 2. c4 e6 3. Nc3 Be7 4. Nf3 Nf6 5. Bf4 c6 6. e3 0-0 7. Bd3 dxc4 8. Bxc4 Nd5 9. Bg3 Nd7 10. 0-0 b6 11. Rc1 Nxc3 12. Rxc3 Bb7 13. Qe2 b5 14. Bd3 Qb6 15. Nd2 a5 16. Ne4 b4 17. Rc2 c5 18. Nxc5 Nxc5 19. dxc5 Bxc5 20. Bxh7+ Kxh7 21. Qh5+ Kg8 22. Rxc5 Rfc8 23. Rg5 f6 24. Rg4 Qc6 25. Bh4 f5 26. Rg3 Rc7 27. Bf6 Rf7 28. Qg6 Qc7 29. f4 Ba6 30. Ra1 Rc8 31. h4 Kf8 32. Bd4 Qe7 33. Qh7 Ke8 34. Rd1 g5 35. Qg8+ Rf8 36. Qg6+ Qf7 37. Qxg5 Bc4 38. h5 Be2 39. Rd2 Qxh5 40. Rh3 Qxg5 41. fxg5 Bb5 42. Rh6 Bd7 43. Rh7 Bb5 44. Bg7 Rg8 45. Bf6 Kf8 46. Rd6 Re8 47. Rb6 Bc4 48. Rbb7 e5 49. Bg7+ Rxg7 50. Rhxg7 f4 51. exf4 exf4 52. Rgc7 Bxa2 53. Rb5 Ra8 54. Rf5+ Kg8 55. Rxf4 Rb8 56. Ra7 Rb5 57. Rd4 Rb8 58. Rxa5 Bf7 59. Ra7 b3 60. Rdd7 Bc4 61. g6 Re8 62. Rg7+ Kf8 63. Rh7 Kg8 64. Rag7+ Kf8 65. Rc7 1-0

[Event "IRI-ch (Women)"]
[Site "Tehran"]
[Date "2011.12.15"]
[Round "7"]
[White "Saeidpour, Mona"]
[Black "Afshar, Niusha"]
[Result "0-1"]
[WhiteElo "1910"]
[BlackElo "1937"]
[PlyCount "58"]
[EventDate "2011.11.12"]
[EventType "tourn"]
[EventRounds "12"]
[EventCountry "IRI"]
[SourceTitle "EXT 2024"]
[Source "ChessBase"]
[SourceDate "2023.10.10"]
[SourceVersion "1"]
[SourceVersionDate "2023.10.10"]
[SourceQuality "1"]

1. d4 Nf6 2. c4 e6 3. Nc3 Bb4 4. Qc2 d5 5. a3 Bxc3+ 6. Qxc3 Ne4 7. Qc2 Nc6 8. e3 e5 9. cxd5 Qxd5 10. Bc4 Qa5+ 11. Kf1 Bf5 12. Qb3 0-0-0 13. f3 Nd6 14. Ne2 Nxc4 15. Qxc4 exd4 16. exd4 Rhe8 17. Kf2 Rxe2+ 18. Qxe2 Nxd4 19. b4 Qd5 20. Qd1 Qc4 21. Bg5 f6 22. Be3 Nb3 23. Qe2 Bd3 24. Qb2 Nxa1 25. Rxa1 Re8 26. Rc1 Qh4+ 27. Kg1 Rxe3 28. Qc3 Qf4 29. Qc5 Re8 0-1